| 000 | 01033cam a2200253 4500 | ||
|---|---|---|---|
| 008 | 010921n2003 000 0 eng u | ||
| 020 | _a0750636327 | ||
| 035 | _a(Sirsi) u114721 | ||
| 041 | _aeng. | ||
| 050 |
_a711.52 _c18 |
||
| 100 | _aCarmona, Matthew | ||
| 245 | _aPublic places - urban spaces: the dimensions of urban design | ||
| 260 |
_aOxford _bArchitectural Press _c2003 |
||
| 300 |
_avii, 312p. _bill. _c25cm. |
||
| 350 | _a24.99 | ||
| 520 | _aIncludes discussion of the ideas, theories, research and practice of urban design. Explains the catalysts of change and renewal, and explores the global and local contexts and processes within which urban design operates. Presents six key dimensions of urban design theory and practice - the social, visual, functional, temporal, morphological and perceptual. | ||
| 650 | _aURBAN DESIGN | ||
| 650 | _aURBAN PLANNING | ||
| 690 | _aBUILT ENVIRONMENT-CONSTRUCTION DESIGN | ||
| 700 | _aHeath, Tim. | ||
| 700 | _aOc, Taner | ||
| 700 | _aTiesdell, Steve | ||
| 942 | _n0 | ||
| 999 |
_c101645 _d101645 |
||